Caucasus, Central Asia, and South Asia Capitals - Statistics

General Stats
  • This quiz has been taken 228 times
  • The average score is 11 of 16
Answer Stats
Country Capital % Correct
Azerbaijan Baku
92%
Afghanistan Kabul
86%
Armenia Yerevan
86%
India New Delhi
82%
Pakistan Islamabad
80%
Georgia Tbilisi
80%
Kazakhstan Astana
74%
Kyrgyzstan Bishkek
69%
Uzbekistan Tashkent
68%
Turkmenistan Ashgabat
67%
Bangladesh Dhaka
67%
Tajikistan Dushanbe
63%
Nepal Kathmandu
59%
Maldives Male
55%
Bhutan Thimphu
49%
Sri Lanka Colombo
37%
No matching quizzes found
Score Distribution
Percent of People with Each Score
Percentile by Number Answered
Your Score History
You have not taken this quiz